000
00320nam a2200133Ia 4500
008
240624s9999 xx 000 0 und d
041
_a
eng
082
_a
891.46 SAR
100
_a
TEJPARKHI SIRSHREE
245
_a
MOKSH
260
_c
2011
_a
Pune
_b
Wow Publishing Pvt. Ltd.
300
_a
244 p.; 23 cm.
365
_c
RS
_b
20
999
_c
30788
_d
30788